Curso de teoría del derecho

Salvato in:
Dettagli Bibliografici
Autori principali: Martínez Roldán, Luis (autor), Fernández Suárez, Jesús Aquilino (Autore)
Natura: Libro
Lingua:spagnolo
Pubblicazione: Barcelona Ariel 1999
Edizione:2a. ed
Serie:Ariel Derecho
Soggetti:
Tags: Aggiungi Tag
Nessun Tag, puoi essere il primo ad aggiungerne!!

MARC

LEADER 00000nam a2200000 a 4500
001 UCL0935
003 CL-VaPUC
008 030825e19990000SP |||||||||||||||||spa|d
020 |a 8434416328 
082 0 4 |a 340.1  |b MAR  |2 21 
100 |a Martínez Roldán, Luis  |e autor  |9 477701 
700 0 |a Fernández Suárez, Jesús Aquilino  |e author  |9 477702 
245 1 0 |a Curso de teoría del derecho 
250 |a 2a. ed 
300 |a 241 p 
942 |c BK 
945 |d 20030825 00:00:00  |a cmena 
260 |a Barcelona  |b Ariel  |c 1999 
650 7 |a TEORIA DLE DERECHO  |2 CL-VaPUC  |9 477703 
650 0 |a Filosofía del derecho   |9 255050 
650 0 |a Normas jurídicas  |9 258310 
583 |a last modification  |c 20030825 00:00:00  |k Rodrigo Vera 
490 0 |a Ariel Derecho 
999 |c 304659  |d 304657 
952 |0 0  |1 0  |4 0  |6 340_100000000000000_MAR_1999  |7 0  |8 A  |9 367296  |a BIBDER  |b BIBDER  |d 2019-11-21  |i 3933458  |l 4  |o 340.1 MAR 1999  |p 3933458  |r 2023-01-25  |s 2022-10-06  |w 2019-11-21  |y BK  |k DER 
952 |0 0  |1 0  |4 0  |6 340_100000000000000_MAR_1999  |7 0  |8 DER_TF  |9 367297  |a BIBDER  |b BIBDER  |d 2019-11-21  |i 3947491  |o 340.1 MAR 1999  |p 3947491  |r 2023-01-25  |w 2019-11-21  |x Ubicación 4to Piso  |y BK  |z Estos recursos deben solicitarse con anticipación  |k DER